000 01027nam a22003137a 4500
001 BR8006384
003 BR-BrBNA
005 20230928090805.0
007 ta
008 230509b bl.||||| |||| 00| 0 por d
040 _aBR-BrBNA
_bpor
_cBiblioteca Nacional de Agricultura
041 _a(Por)
072 _aE30; E70
090 _ E30 BR8006384
100 1 _aQueiroz, J.R. de
110 1 _aCentrais de Abastecimento da Bahia S.A., Salvador (Brasil)
_91364
245 1 _aPerspectivas de atuacao da empresa Centrais de Abastecimento da Bahia S.A. no Sistema Nacional de Centrais de Abastecimento [consumo, administracao, Bahia]
_bPalestra Proferida no 1. encontro realizado em Fortaleza
260 3 _aSalvador, BA (Brasil):
_c1980.
300 _a11 p.
650 _aADMINISTRACAO PUBLICA
650 _aABASTECIMENTO
650 _aMERCADO
650 _aPOLITICA COMERCIAL
650 _aCOMERCIALIZACAO
650 _aCONSUMO ALIMENTAR
650 _aBAHIA
909 _a202309
_bLucia
_c55
_dLucia Elande
942 _cBK
999 _c30549
_d30549